00468nam a22001337a 4500082002300000100004400023245003800067250000600105260005800111300000800169942000700177999001900184952013100203 a519.504 DESbF2111 aDepartment of Economics and statistics  aAgricultural Statistics 2016-2017 a1 aTvmbDepartment of Economics and statistics 2016-2017 a220 cBK c369591d369591 001040708GIFTaKAUCOAVbKAUCOAVcGENd2018-06-25l0o519.504 DES F2111pKAU_COAV-F2111r2018-06-25 00:00:00w2018-06-25yBK